El espacio cultural latinoamericano : bases para una política cultural de integración /

Informe final del proyecto Pensamiento Renovado de Integración en América Latina, convocado por el Convenio Andrés Bello (CAB) en 1997 a fin de repensar la dimensión cultural de la integración regional. El proyecto partió de la afirmación básica de que el mundo del siglo XXI no va constituirse en to...

Descripció completa

Guardat en:
Dades bibliogràfiques
Autor principal: Garretón, Manuel Antonio (coord.)
Format: Llibre
Idioma:espanyol
Publicat: Bogotá, Colombia : Santiago, Chile : Convenio Andrés Bello ; Fondo de Cultura Económica, 2003, c2003
Col·lecció:(Colección Popular ; 401)
Matèries:
Etiquetes: Afegir etiqueta
Sense etiquetes, Sigues el primer a etiquetar aquest registre!

MARC

LEADER 00000nam^a2200000^a^4500
001 000156430
005 20250521000000.0
009 20260310100504.496
020 |a 956-289-035-X 
037 |a Acervo ITESO - Biblioteca 
041 |a ESP 
082 |a 306. 40980  |b GAR 
100 |a Garretón, Manuel Antonio  |e (coord.) 
245 1 3 |a El espacio cultural latinoamericano :  |b bases para una política cultural de integración /  |c Coord. de M.A. Garretón ; presen. de Ana Milena Escobar. 
264 4 |a Bogotá, Colombia :  |b Convenio Andrés Bello ;  |a Santiago, Chile :  |b Fondo de Cultura Económica,  |c 2003, c2003 
300 |a 328 p. 
336 |a texto  |b txt  |2 rdacontenido 
337 |a sin mediación  |b n  |2 rdamedio 
338 |a volumen  |b nc  |2 rdasoporte 
440 1 |a (Colección Popular ;  |v 401) 
520 |a Informe final del proyecto Pensamiento Renovado de Integración en América Latina, convocado por el Convenio Andrés Bello (CAB) en 1997 a fin de repensar la dimensión cultural de la integración regional. El proyecto partió de la afirmación básica de que el mundo del siglo XXI no va constituirse en torno a lo geopolítico o lo geoeconómico, sino principalmente en torno a lo geocultural: será apropiado, construido y distribuido entre diferentes espacios culturales y América Latina ha de ser uno de ellos. Para los pensadores reunidos en torno al proyecto, el problema central de Latinoamérica será definir un modelo de modernidad propio, que de cuenta de su diversidad pero también de las potencialidades comunes que permitan la inserción de la región en un mundo globalizado. 
649 |a XX 
650 |a Identidad Cultural -  |z Latinoamérica 
650 |a Diversidad Cultural -  |z Latinoamérica 
650 |a Industria Cultural -  |z Latinoamérica 
650 |a Política Cultural -  |z Latinoamérica 
650 |a Unificación Política -  |z Latinoamérica 
650 |a Ciencia y Desarrollo -  |z Latinoamérica 
650 |a Educación -  |z Latinoamérica 
650 |a Valoración Patrimonial e Histórica -  |z Latinoamérica 
650 |a Modernidad y Posmodernidad -  |z Latinoamérica 
650 |a Latinoamérica -  |x Condiciones Sociales y Culturales 
650 |a Globalización 
650 |a Sociología de la Cultura 
910 |a Fondo General 
920 |a Impresos - Libros 
930 |a Colección General 
905 |a 101 
901 |a 0500084270  |b IT1  |c ACC  |u 20250521 
902 |a https://opac.biblio.iteso.mx/vufind/Record/000156430